<?xml version="1.0" encoding="UTF-8"?>
<record
    xmlns:xsi="http://www.w3.org/2001/XMLSchema-instance"
    xsi:schemaLocation="http://www.loc.gov/MARC21/slim http://www.loc.gov/standards/marcxml/schema/MARC21slim.xsd"
    xmlns="http://www.loc.gov/MARC21/slim">

  <leader>00353nam a2200133Ia 4500</leader>
  <controlfield tag="008">230724s2006    xx                  und d</controlfield>
  <datafield tag="020" ind1=" " ind2=" ">
    <subfield code="a">3931884252</subfield>
  </datafield>
  <datafield tag="041" ind1=" " ind2=" ">
    <subfield code="a">eng</subfield>
  </datafield>
  <datafield tag="082" ind1=" " ind2=" ">
    <subfield code="a">363.1703</subfield>
  </datafield>
  <datafield tag="100" ind1=" " ind2=" ">
    <subfield code="a">GREENBERG M.I.</subfield>
  </datafield>
  <datafield tag="245" ind1=" " ind2=" ">
    <subfield code="a">TERRORIST, NATURAL AND MAN MADE DISASTERS</subfield>
  </datafield>
  <datafield tag="260" ind1=" " ind2=" ">
    <subfield code="b">JONES AND BARTLETT PUBLICATION LONDON</subfield>
    <subfield code="c">2006</subfield>
  </datafield>
  <datafield tag="300" ind1=" " ind2=" ">
    <subfield code="a">295</subfield>
  </datafield>
  <datafield tag="999" ind1=" " ind2=" ">
    <subfield code="c">1174713</subfield>
    <subfield code="d">1174713</subfield>
  </datafield>
  <datafield tag="952" ind1=" " ind2=" ">
    <subfield code="0">0</subfield>
    <subfield code="1">0</subfield>
    <subfield code="4">0</subfield>
    <subfield code="7">0</subfield>
    <subfield code="a">ARP</subfield>
    <subfield code="b">ARP</subfield>
    <subfield code="d">2024-07-23</subfield>
    <subfield code="e">BHARATI MADYAWARTI SAHAKARI GRAHAK BHANDAR LTD.</subfield>
    <subfield code="g">3146.00</subfield>
    <subfield code="l">0</subfield>
    <subfield code="o">363.1703</subfield>
    <subfield code="p">ARP-BARCH-3569</subfield>
    <subfield code="r">2024-07-23 00:00:00</subfield>
    <subfield code="w">2024-07-23</subfield>
    <subfield code="y">BK</subfield>
  </datafield>
</record>
